000 00384cam a2200169ua 4500
041 _ahin
_h
082 _a891.54
_bPRE/MA
100 _aPremchand, .
245 _aManasarovar /
_cPremchand.
_hTextual Documents
250 _a1 /
_b.
260 _a :
_bSaraswati Press ,
_c1964.
300 _a334 ; .
504 _a
942 _cBK
999 _c3017
_d3017